00965nam a22002417a 4500003000900000008004100009020001800050040007100068082002100139100004500160245009200205260005000297300005500347505019500402650001300597650001300610650001400623650001400637650001800651650001000669650001100679710003300690AR-CdUCM190220b ||||| |||| 00| 0 spa d a9786124392344 aMUNICIPALIDAD PROVINCIAL DEL CUSCOcBIBLIOTECA MUNICIPAL DEL CUSCO a985.613/O63bO63 aOrdoñez Santisteban, Rubén Francisco aMarcapata y el oro de los incas /cRubén Francisco Ordoñez Santisteban, Pancho Atar aCusco :bUniversidad Andina del Cusco,c2020. a394 páginas. :bilustraciones en color ;c24 cm. aContenido: Marcapata o el Valle de Cuchoa. -- El oro de Marcapata. -- El río Inambari. -- Grandes expediciones. -- Familias en el Valle del Oro. -- La minería ilegal en el Valle del Oro. aHistoria aFolklore aMinería aQuincemil aQuispicanchis aCusco aPerú aUniversidad Andina del Cusco